00817nam a22002297a 450000500170000001000110001702000100002803500110003803700160004904000120006508200150007710000230009224500430011526000450015827000540020330000290025765000460028665000250033294200240035799900190038195201870040020170124110007.0 a529240 c15.00 a529240 bCen Lib/Ret aDPLbEN a356.5bDAV aDavid, A.A.917145 aKnow your armed forces /cby A.A.David bArmy Educational Storesc1969aNew Delhi bNew Delhia61/15, Ramjas Road, Karol Baghe110005 a151p. :c22cm(pbk)bill. aIndia -- Armed Forces -- History. 917146 aArmed Forces.916756 2ddccENh356.5mDAV c126287d126287 04104070aLbLd2015-06-25eCen Lib/Retg15.00l0o356.5 DAVp529240r2015-06-25 00:00:00t1v15.00w2015-06-25yENzWritten off on approval by DLB (By Circulation); dtd 15-06-2023